000 00948nam a2200253Ia 4500
005 20250224134314.0
008 210716s2010 xx 000 0 und d
020 _a9788131701638
040 _cAIMIT LIBRARY
041 _aeng
082 _a006.671
_22
_bHALM
100 _aHall, Marty.
_9202204
245 _aCore servlets and javaserver pages :
_bvolume 1 core technologies /
_cBy Marty Hall and Larry Brown.
250 _a2nd ed.
260 _aNew Delhi :
_bPearson Education ,
_c2010.
300 _axxxiii,691p. ;
_bPB
_c24.4 cm
500 _av.1. Core technologies/ by Marty Hall and Larry Brown- v.2.Advanced technologies/ by Marty Hall, Larry Brown and Yaakov Chaikin.
650 _aProgrammatic security
_9202205
650 _aServlet and JSP filters
_9202206
650 _aThe struts framework : doing more
_9202207
700 _aBrown, Larry.
_9202208
700 _aChaikin, Yaakov.
_9202209
942 _2ddc
_cBK
_e2nd
_k006.671 HALM
999 _c190652
_d190652